Применение встраиваемых систем управления для решения задачи идентификации; Известия Томского политехнического университета [Известия ТПУ]; Т. 319, № 5 : Управление, вычислительная техника и информатика
| Parent link: | Известия Томского политехнического университета [Известия ТПУ]/ Томский политехнический университет (ТПУ).— , 2000- Т. 319, № 5 : Управление, вычислительная техника и информатика.— 2011.— [С. 39-42] |
|---|---|
| Հիմնական հեղինակ: | |
| Այլ հեղինակներ: | , |
| Ամփոփում: | Заглавие с титульного листа Электронная версия печатной публикации Рассматривается применение подхода идентификации на основе вещественного интерполяционного метода для построения встраиваемых систем управления. Приводится описание математического и алгоритмического аппарата идентификации объектов управления в дискретной форме. Осуществляется выбор аппаратной части встраиваемой системы управления. Приводятся результаты натурных экспериментов. |
| Լեզու: | ռուսերեն |
| Հրապարակվել է: |
2011
|
| Շարք: | Управление, вычислительная техника и информатика |
| Խորագրեր: | |
| Առցանց հասանելիություն: | http://www.lib.tpu.ru/fulltext/v/Bulletin_TPU/2011/v319/i5/08.pdf |
| Ձևաչափ: | MixedMaterials Էլեկտրոնային Գրքի գլուխ |
| KOHA link: | https://koha.lib.tpu.ru/cgi-bin/koha/opac-detail.pl?biblionumber=206429 |
MARC
| LEADER | 00000nla2a2200000 4500 | ||
|---|---|---|---|
| 001 | 206429 | ||
| 005 | 20231031190719.0 | ||
| 035 | |a (RuTPU)RU\TPU\book\225030 | ||
| 035 | |a RU\TPU\book\225029 | ||
| 090 | |a 206429 | ||
| 100 | |a 20120111d2011 k y0rusy50 ca | ||
| 101 | 0 | |a rus | |
| 102 | |a RU | ||
| 135 | |a drnn ---uucaa | ||
| 181 | 0 | |a i | |
| 182 | 0 | |a b | |
| 200 | 1 | |a Применение встраиваемых систем управления для решения задачи идентификации |b Электронный ресурс |f В. В. Курганкин, С. В. Замятин, А. С. Алексеев | |
| 203 | |a Текст |c электронный | ||
| 215 | |a 1 файл (152 Кб) | ||
| 225 | 1 | |a Управление, вычислительная техника и информатика | |
| 230 | |a Электронные текстовые данные (1 файл : 152 Кб) | ||
| 300 | |a Заглавие с титульного листа | ||
| 300 | |a Электронная версия печатной публикации | ||
| 320 | |a [Библиогр.: с. 42 (5 назв.)] | ||
| 330 | |a Рассматривается применение подхода идентификации на основе вещественного интерполяционного метода для построения встраиваемых систем управления. Приводится описание математического и алгоритмического аппарата идентификации объектов управления в дискретной форме. Осуществляется выбор аппаратной части встраиваемой системы управления. Приводятся результаты натурных экспериментов. | ||
| 337 | |a Adobe Reader | ||
| 461 | 1 | |0 (RuTPU)RU\TPU\book\176237 |t Известия Томского политехнического университета [Известия ТПУ] |f Томский политехнический университет (ТПУ) |d 2000- | |
| 463 | 1 | |0 (RuTPU)RU\TPU\book\224608 |x 1684-8519 |t Т. 319, № 5 : Управление, вычислительная техника и информатика |v [С. 39-42] |d 2011 |p 151 с. | |
| 610 | 1 | |a системы автоматического регулирования | |
| 610 | 1 | |a дискретное вещественное преобразование Лапласа | |
| 610 | 1 | |a встраиваемые системы управления | |
| 610 | 1 | |a задачи идентификации | |
| 610 | 1 | |a аппаратная часть | |
| 610 | 1 | |a результаты экспериментов | |
| 610 | 1 | |a труды учёных ТПУ | |
| 610 | 1 | |a электронный ресурс | |
| 700 | 1 | |a Курганкин |b В. В. |c специалист в области теоретической и прикладной механики |c учебный мастер Томского политехнического университета, аспирант |f 1986- |g Виктор Витальевич |2 stltpush |3 (RuTPU)RU\TPU\pers\29054 | |
| 701 | 1 | |a Замятин |b С. В. |c специалист в области автоматического управления |c доцент Томского политехнического университета, кандидат технических наук |f 1982- |g Сергей Владимирович |2 stltpush |3 (RuTPU)RU\TPU\pers\25391 | |
| 701 | 1 | |a Алексеев |b А. С. |c специалист в области компьютерных систем управления |c ассистент Томского политехнического университета, аспирант |f 1984- |g Александр Сергеевич |2 stltpush |3 (RuTPU)RU\TPU\pers\25725 | |
| 801 | 1 | |a RU |b 63413507 |c 20090623 |g PSBO | |
| 801 | 2 | |a RU |b 63413507 |c 20211229 |g PSBO | |
| 856 | 4 | |u http://www.lib.tpu.ru/fulltext/v/Bulletin_TPU/2011/v319/i5/08.pdf | |
| 942 | |c CF | ||